| 000 | 00815nam a2200313 a 4500 | ||
|---|---|---|---|
| 003 | AR-BaBNM | ||
| 005 | 20251128203141.0 | ||
| 008 | 082120s2002 ||||||||||||||000 | spa|| | ||
| 040 | _cAR-BaBNM | ||
| 100 | 1 | _aMeynaud, Jean | |
| 245 | 0 | 0 |
_aLa tecnocracia _b¿ mito o realidad ? |
| 260 |
_aMadrid _bTecnos _c1968 |
||
| 300 |
_a393 p. _btablas |
||
| 490 | 0 | _aSemilla y surco. Ciencia política | |
| 504 | _aBibliografía: p. 391-393 | ||
| 650 | 4 | _aTECNOCRACIA | |
| 650 | 4 | _aSISTEMAS POLITICOS | |
| 650 | 4 | _aELITE | |
| 650 | 4 | _aPOLITICA | |
| 650 | 4 | _aELABORACION DE POLITICAS | |
| 650 | 4 | _aESTRATEGIAS | |
| 650 | 4 | _aMETAS | |
| 650 | 4 | _aPLANIFICACION | |
| 650 | 4 | _aTECNICOS | |
| 700 | 1 |
_aBlasco, José _etraductor |
|
| 800 | 1 |
_aJiménez de Parga, Manuel _edirector |
|
| 942 | _cBK | ||
| 998 | _cSILVI | ||
| 999 |
_c2144 _d2144 |
||